| 000 | 00747cam a22002651 4500 | ||
|---|---|---|---|
| 001 | 31631 | ||
| 003 | BD-RjUL | ||
| 005 | 20211209051728.0 | ||
| 008 | 140421s19621959enk b 000 0 eng d | ||
| 035 | _a(BD-RjUL)31719 | ||
| 035 | _a(OCoLC)378392 | ||
| 040 |
_aDLC _cODaWU _dOCoLC _dUk _dBD-RjUL _beng |
||
| 041 | _aeng | ||
| 082 |
_a294.3 _bAUF 1962 |
||
| 100 | 0 |
_aAung,Maung Htin _996250 |
|
| 245 | 1 | 0 | _aFolk elements in Burmese Buddhism / |
| 260 |
_aLondon ; _aNew York : _bOxford University Press, _c1962. |
||
| 300 |
_axiii, 140 p. ; _c18 cm. |
||
| 504 | _aIncludes Bibliography. | ||
| 650 | 0 |
_aBuddhism _zBurma. _996251 |
|
| 650 | 0 |
_aFolklore _zBurma. _996252 |
|
| 942 |
_2ddc _cBK |
||
| 999 |
_c31631 _d31631 |
||